Statistiques concernant Culture Générale - Série 2033

Cliquez ici pour prendre le quiz!

Statistiques générales

  • Ce quiz a été pris 78 fois
  • Le résultat moyen est 3 sur 10

Statistiques - réponses

QuestionRéponse% Correct
Au poker, c'est une combinaison formée de trois cartes de même hauteurbrelan
77%
Dans quel pays européen se trouve l'île du Trocadero ?Espagne
71%
Ce nom signifiant "ville" en arabe, désigne le centre d'une ville traditionnelle, dans les pays d'Afrique du Nord, en Afrique occidentale et orientale.médina
51%
Dans quel pays européen se trouve la ville d'Elseneur ?Danemark
44%
Quel mot anglais désigne la plate-forme de correspondance aéroportuaire ? - 3 lettreshub
28%
Anciennement : sac que le fantassin portait sur le dos, et qui contenait son équipement.havresac
13%
Buter du pied sur un obstacle, trébucher (vieilli) - 8 lettres commençant par " a "achopper
8%
Guide appointé pour présenter les particularités touristiques d'un site (nom tiré d'un homme d'état et écrivain romain)cicerone
8%
Longue blouse de grosse toile que revêtent sur leurs habits les paysans, les valets, en particulier les palefreniers et les cochers pour panser les chevaux - 11 lettres commençant par " s "souquenille
4%
Dénigrer, médire de : 6 lettres commençant par " d "débiner
1%

Distribution des résultats

Percentile par nombre de réponses

% des personnes avec chaque résultat

Votre développement - résultats

Vous n’avez pas pris ce quiz